000 00282nam a22001337a 4500
008 170215b xxu||||| |||| 00| 0 eng d
020 _a0195088247
041 _aeng
080 _a61
100 _a4
101 _ashm
245 _aVITAMIN A DEFICIENCY
_cSOMMER, A
942 _2udc
_cBK
999 _c5582
_d5582